000 00761nam a22002657a 4500
003 UA-OsUOA
001 26331
007 ta
008 20040526b un ||||| |||| 00| 0 ukr d
100 _aГригоренко Я.М.
700 _aПанкратова Н.Д.
090 _a519.6(075.8)
_bГ83
942 _cBK
040 _aUA-OsUOA
_bukr
_cUA-OsUOA
_dUA-OsUOA
245 _aОбчислювальні методи в задачах прикладної математики
_bНавчальний посібник
300 _a280 с.
_bІлюстрації
955 _a0
041 _aukr
080 _a519.6(075.8)
020 _a5-325-00486-7
260 _aКиїв
_bЛибідь
_c1995
044 _aUA
650 7 _2UDC
999 _c312651
_d312651